| 000 | 00918cam a22002894a 4500 | ||
|---|---|---|---|
| 008 | |||
| 020 | _a0431161712 (pbk.) | ||
| 049 | _aMAIN | ||
| 090 |
_aHD78 _bGIF |
||
| 100 | 1 | _aGifford, Clive. | |
| 245 | 1 | 0 |
_aSustainable development / _cClive Gifford. |
| 260 |
_aChicago, Ill. : _bRaintree, _cc2004. |
||
| 300 |
_a56 p. : _bcol. ill. ; _c25 cm. |
||
| 440 | 0 | _aFace the facts | |
| 500 | _aIncludes index. | ||
| 504 | _aIncludes bibliographical references (p. 52-53). | ||
| 650 | 0 |
_aEconomic development _xHistory _vJuvenile literature. |
|
| 650 | 0 |
_aSustainable development _vJuvenile literature. |
|
| 650 | 0 |
_aEnvironmentalism _vJuvenile literature. |
|
| 650 | 1 | _aSustainable development. | |
| 650 | 1 | _aEnvironmental protection. | |
| 907 |
_a.b10374929 _b13-09-16 _c13-09-16 |
||
| 003 | |||
| 005 | 20230123122228.0 | ||
| 040 | _cNUST | ||
| 942 |
_cBOOKS _kHD78 _mGIF |
||
| 999 |
_c130019 _d130019 |
||